00422nam a2200157Ia 4500003000400000005001700004008004100021020001800062040000900080082002000089100002100109245005800130260005700188300000900245650001000254OSt20201117121132.0190216s9999||||xx |||||||||||||| ||und|| a9788182643765 coclc a894.8123bKHA/D a Khadra, Yasmina 0aDaivanaamathil = In The Name Of God /cYasmina Khadra bMathrubhumi Printing &publishing,aKozhikode:c2006. a162p aNovel